| 000 | 006350000a22002050004500 | ||
|---|---|---|---|
| 001 | 768714001 | ||
| 003 | CO-MdFUSB | ||
| 005 | 20161122191409.0 | ||
| 008 | 161122s1996 sp ||||| |||| 00| 0 spa d | ||
| 022 | _a0014-1437 | ||
| 040 |
_aCO-MdFUSB _bspa _cCO-MdFUSB _dCO-MdFUSB |
||
| 041 | _aspa | ||
| 100 | 1 |
_aGarcía Martínez, Florentino _eautor |
|
| 245 | 1 | 0 | _aCalendarios de Qumrán (I) |
| 300 |
_aVolumen 54, Número 3 (1996), Páginas 327-348 _c23 cm. |
||
| 546 | _aTexto en Español | ||
| 653 | _aQumrán | ||
| 773 | 0 |
_tEstudios Bíblicos _049452 _960480 _gVolumen 54, Número 3 (1996), Páginas 327-348 _qPágina 327 |
|
| 942 | _cANA | ||
| 999 |
_c50193 _d50193 |
||